00969 a2200241 450000500170000000800410001701000140005802000230007203500130009503700150010804000180012308200100014110000300015124500990018126000430028027000610032330000290038450000500041352000770046394200430054099900130058395201310059620080819154745.0080819t xxu||||| |||| 00| 0 eng d aENG-84752 a8170544645c400.00 aEN-68285 bDBAD / PUB adplbEnglish  a305.4 aBajpai, Arun Diwakar Nath aWomen empowerment and reproductive behaviourcArun Diwakar Nath Bajpai and Shyam Kartik Mishra aNew DelhibClassical Publishing,c2007 a28, Shopping Centre, KarampurabNew DelhicDelhie110015 axiv, 162 p.c22 cm. (Hb) aIncludes bibliographical references and index aThe present work makes a thorough probe into and brings out level of and adplcENk305.4 / BAJ2ddch305.4 mBAJ c297d297 001040718NFICaDBADbDBADd2008-08-19g400.00l0o305.4 BAJpEN-68285r2008-09-15 00:00:00t1u307v400.00w2008-09-15yEN